| 000 | 00910nam a22002177a 4500 | ||
|---|---|---|---|
| 001 | 72059 | ||
| 003 | BD-RjUL | ||
| 005 | 20211209082215.0 | ||
| 008 | 170513s1975 ii ||||| |||| 00| 0 ben d | ||
| 035 | _a(BD-RjUL)72275 | ||
| 040 |
_aBD-RjUL _bben _cBD-RjUL |
||
| 041 | _aben | ||
| 082 |
_223 _a891.4408 _bROS 1975 |
||
| 100 | 1 |
_aরায়, সুকুমার _9213262 |
|
| 245 | 1 | 0 |
_aসুকুমার রায় সমগ্র রচনাবলী ২ / _cস ম্পাদনায় পুণ্যলতা চক্রবর্তী এবং সমীর মৈত্র. |
| 260 |
_aকলিকাতা : _bএশিয়া পাবলিশিং, _c১৯৭৫. |
||
| 300 |
_a৪৩১ পৃ. ; _c২৮ সেমি. |
||
| 650 |
_aবাংলা সাহিত্য _xসংগ্রহ _9213123 |
||
| 650 |
_aBengali Literature _xCollected works _9157119 |
||
| 942 |
_2ddc _cBK |
||
| 999 |
_c72059 _d72059 |
||